[Event "LTU-ch Rapid"]
[Site "Taujenai"]
[Date "2022.12.03"]
[Round "2"]
[White "Vaskevicius, Augustas"]
[Black "Kazakouski, Valery"]
[Result "0-1"]
[WhiteElo "1912"]
[BlackElo "2480"]
[PlyCount "70"]
[EventDate "2022.12.03"]
[EventType "swiss (rapid)"]
[EventRounds "10"]
[EventCountry "LTU"]
[SourceTitle "CBM 211 Extra"]
[Source "ChessBase"]
[SourceDate "2023.01.31"]
[SourceVersion "1"]
[SourceVersionDate "2023.01.31"]
[SourceQuality "1"]

1. Nf3 d5 2. e3 Nf6 3. c4 e6 4. b3 b6 5. Bb2 Bb7 6. cxd5 exd5 7. d4 Bd6 8. Bd3 Nbd7 9. 0-0 Qe7 10. Nc3 a6 11. Ne2 0-0 12. Rc1 Ne4 13. Qc2 Rac8 14. Ng3 f5 15. Rfe1 g6 16. Qe2 b5 17. a4 c6 18. Nf1 h5 19. N3d2 Bb4 20. f3 Nd6 21. e4 fxe4 22. fxe4 dxe4 23. Bxe4 Nxe4 24. Qxe4 Qxe4 25. Rxe4 Nf6 26. Re6 Kf7 27. d5 Nxd5 28. Re4 Rce8 29. Rxe8 Rxe8 30. Nf3 Bd6 31. Bd4 Nf4 32. Rd1 Ne2+ 33. Kf2 Nxd4 34. Nxd4 Bc5 35. Kf3 Bxd4 0-1

[Event "LTU-ch sf"]
[Site "Vilnius"]
[Date "2022.04.10"]
[Round "5"]
[White "Sarauskas, Andrius"]
[Black "Vaskevicius, Augustas"]
[Result "1-0"]
[WhiteElo "1935"]
[BlackElo "2039"]
[PlyCount "131"]
[EventDate "2022.04.08"]
[EventType "swiss"]
[EventRounds "9"]
[EventCountry "LTU"]
[SourceTitle "CBM 207 Extra"]
[Source "ChessBase"]
[SourceDate "2022.05.31"]
[SourceVersion "1"]
[SourceVersionDate "2022.05.31"]
[SourceQuality "1"]

1. Nf3 d5 2. g3 c6 3. Bg2 Bg4 4. 0-0 Nd7 5. d4 e6 6. Nbd2 Ngf6 7. Re1 Be7 8. c3 0-0 9. e4 h6 10. e5 Ne8 11. Nb3 a5 12. Be3 a4 13. Nc1 c5 14. h3 Bf5 15. g4 Bh7 16. Bf1 c4 17. a3 Qb6 18. Qd2 Be4 19. Bg2 Ra5 20. Ne2 Rb5 21. Ra2 Qd8 22. Ng3 Bd3 23. Bf1 Bh7 24. Be2 Qb6 25. Rc1 Ra5 26. Bd1 Qd8 27. Bc2 Bxc2 28. Qxc2 Nc7 29. Re1 Re8 30. Raa1 Nf8 31. Rf1 Nh7 32. Kg2 Ng5 33. Nh2 Rb5 34. Rab1 Rb3 35. f4 Ne4 36. Nxe4 dxe4 37. Qxe4 Qd5 38. Qf3 Ra8 39. Kg1 Qxf3 40. Nxf3 Nd5 41. Kf2 Ra6 42. Nd2 Rb5 43. Nxc4 Rc6 44. Nd2 Rcb6 45. c4 Nxe3 46. cxb5 Nxf1 47. Rxf1 Rxb5 48. Rb1 Bd8 49. b4 axb3 50. Rxb3 Ra5 51. Ke3 b5 52. Ne4 Be7 53. Nc5 Kf8 54. f5 Bxc5 55. dxc5 Ke7 56. Rd3 Ra4 57. c6 exf5 58. gxf5 Rc4 59. Rd7+ Ke8 60. Rd6 Ke7 61. Kd3 Ra4 62. Kc3 Rc4+ 63. Kb3 Rc5 64. Kb4 Rxe5 65. c7 Re4+ 66. Kxb5 1-0

[Event "LTU-ch sf"]
[Site "Vilnius"]
[Date "2022.04.09"]
[Round "3"]
[White "Plutaite, Ausra"]
[Black "Vaskevicius, Augustas"]
[Result "0-1"]
[WhiteElo "1589"]
[BlackElo "2039"]
[PlyCount "58"]
[EventDate "2022.04.08"]
[EventType "swiss"]
[EventRounds "9"]
[EventCountry "LTU"]
[SourceTitle "CBM 207 Extra"]
[Source "ChessBase"]
[SourceDate "2022.05.31"]
[SourceVersion "1"]
[SourceVersionDate "2022.05.31"]
[SourceQuality "1"]

1. e4 c5 2. Nc3 Nc6 3. f4 g6 4. Nf3 Bg7 5. Bb5 Nd4 6. 0-0 a6 7. Bc4 e6 8. d3 b5 9. Bb3 Ne7 10. Ne2 Nxf3+ 11. Rxf3 d5 12. exd5 Nxd5 13. a4 Bb7 14. Rh3 h5 15. Ng3 Qc7 16. Ne4 c4 17. dxc4 bxc4 18. Bxc4 0-0-0 19. Qe2 Nxf4 20. Bxf4 Qxf4 21. Re1 f5 22. Nc5 Rd2 23. Qxe6+ Kb8 24. Nd7+ Rxd7 25. Qxd7 Bd4+ 26. Kh1 Bxg2+ 27. Kxg2 Qf2+ 28. Kh1 Qxe1+ 29. Kg2 Qf2+ 0-1

[Event "LTU-ch sf"]
[Site "Vilnius"]
[Date "2022.04.08"]
[Round "1"]
[White "Gavenavicius, Karolis"]
[Black "Vaskevicius, Augustas"]
[Result "1-0"]
[WhiteElo "1455"]
[BlackElo "2039"]
[PlyCount "81"]
[EventDate "2022.04.08"]
[EventType "swiss"]
[EventRounds "9"]
[EventCountry "LTU"]
[SourceTitle "CBM 207 Extra"]
[Source "ChessBase"]
[SourceDate "2022.05.31"]
[SourceVersion "1"]
[SourceVersionDate "2022.05.31"]
[SourceQuality "1"]

1. d4 d5 2. c4 dxc4 3. Nf3 Nf6 4. Nc3 c6 5. a4 e6 6. e3 Be7 7. Bxc4 0-0 8. 0-0 Nbd7 9. b3 Nd5 10. Bb2 N7f6 11. Qe2 Qc7 12. Ne5 b5 13. axb5 Nxc3 14. Bxc3 cxb5 15. Ba5 Qd6 16. Bxb5 Bb7 17. f3 Nd5 18. Bd2 a6 19. Bc4 f6 20. Nd3 Nb6 21. Bb4 Qd7 22. Bxe7 Qxe7 23. Nc5 Nxc4 24. bxc4 e5 25. Nxb7 Qxb7 26. Rfb1 Qc6 27. c5 Qd5 28. Qa2 Rfd8 29. Qxd5+ Rxd5 30. Ra4 exd4 31. exd4 Rad8 32. Rbb4 f5 33. f4 Kf7 34. Kf2 a5 35. Rc4 Ke6 36. Ke3 Ra8 37. Kd3 Rd7 38. Rc2 Kd5 39. Re2 g6 40. Re5+ Kc6 41. Kc4 1-0

[Event "Riga Tech Rapid op"]
[Site "Riga"]
[Date "2021.08.08"]
[Round "2"]
[White "Vaskevicius, Augustas"]
[Black "Visakh, Narayanan Rajeswari"]
[Result "0-1"]
[WhiteElo "2037"]
[BlackElo "2516"]
[PlyCount "54"]
[EventDate "2021.08.08"]
[EventType "swiss (rapid)"]
[EventRounds "9"]
[EventCountry "LAT"]
[SourceTitle "CBM 203 Extra"]
[Source "ChessBase"]
[SourceDate "2021.09.30"]
[SourceVersion "1"]
[SourceVersionDate "2021.09.30"]
[SourceQuality "1"]

1. Nf3 Nf6 2. c4 b6 3. Nc3 Bb7 4. b3 g6 5. Bb2 Bg7 6. e3 0-0 7. d4 c5 8. Bd3 cxd4 9. exd4 d5 10. 0-0 Nc6 11. Rc1 dxc4 12. Bxc4 Rc8 13. Re1 a6 14. Qe2 b5 15. Bd3 Nh5 16. Be4 e6 17. Red1 Re8 18. Qd2 Nf6 19. Bb1 Ne7 20. Ne5 Nf5 21. Ne2 Rxc1 22. Bxc1 Qd6 23. Ng3 Ne7 24. Bb2 h5 25. Qe2 Rd8 26. Ne4 Nxe4 27. Bxe4 Bxe4 0-1

[Event "LTU-chT Rapid"]
[Site "Panevezys"]
[Date "2019.11.24"]
[Round "7.10"]
[White "Juksta, Karolis"]
[Black "Vaskevicius, Augustas"]
[Result "1/2-1/2"]
[WhiteElo "2191"]
[BlackElo "1928"]
[PlyCount "57"]
[EventDate "2019.11.23"]
[EventType "team-swiss (rapid)"]
[EventRounds "8"]
[EventCountry "LTU"]
[SourceTitle "EXT 2023"]
[Source "ChessBase"]
[SourceDate "2022.10.05"]
[SourceVersion "1"]
[SourceVersionDate "2022.10.05"]
[SourceQuality "1"]

1. d4 d5 2. c4 c6 3. cxd5 cxd5 4. Bf4 Nc6 5. e3 Nf6 6. Nc3 Bf5 7. Rc1 e6 8. Qb3 Qd7 9. Nf3 a6 10. Be2 Bb4 11. 0-0 Bxc3 12. Rxc3 0-0 13. Ne5 Nxe5 14. Bxe5 Rac8 15. Rfc1 Rxc3 16. Qxc3 Ne4 17. Qc7 Qxc7 18. Rxc7 f6 19. Bg3 Nxg3 20. hxg3 Rf7 21. Rc8+ Rf8 22. Rc5 Rf7 23. Bh5 Bg6 24. Bxg6 hxg6 25. f3 Rd7 26. Kf2 Kf7 27. Ke2 Ke7 28. Kd3 Kd6 29. e4 1/2-1/2

[Event "Riga Tal Memorial blitz"]
[Site "Riga"]
[Date "2019.07.18"]
[Round "1"]
[White "Vaskevicius, Augustas"]
[Black "Vitiugov, Nikita"]
[Result "0-1"]
[WhiteElo "2022"]
[BlackElo "2727"]
[PlyCount "64"]
[EventDate "2019.07.18"]
[EventType "swiss (blitz)"]
[EventRounds "13"]
[EventCountry "LAT"]
[SourceTitle "CBM 191 Extra"]
[Source "ChessBase"]
[SourceDate "2019.09.30"]
[SourceVersion "1"]
[SourceVersionDate "2019.09.30"]
[SourceQuality "1"]

1. Nf3 d5 2. e3 Nf6 3. c4 c6 4. d4 Bg4 5. Nbd2 e6 6. Qc2 Nbd7 7. Bd3 Rc8 8. 0-0 Be7 9. b3 0-0 10. Bb2 Bh5 11. Ne5 Bg6 12. e4 Nxe5 13. dxe5 Nd7 14. exd5 cxd5 15. Bxg6 hxg6 16. Qd3 Nb6 17. cxd5 Nxd5 18. Nc4 Nb4 19. Qxd8 Rfxd8 20. Rad1 b5 21. Nd6 Bxd6 22. exd6 Nd5 23. Be5 f6 24. Bg3 Kf7 25. Rc1 Ke8 26. a4 b4 27. Rc4 Rxc4 28. bxc4 Nc3 29. c5 Rc8 30. f3 Rxc5 31. Bf2 Ra5 32. Rc1 Ne2+ 0-1

[Event "LTU-chT rapid"]
[Site "Marijampole"]
[Date "2018.11.10"]
[Round "3.3"]
[White "Vedrickas, Tautvydas"]
[Black "Vaskevicius, Augustas"]
[Result "1-0"]
[WhiteElo "2217"]
[BlackElo "1952"]
[PlyCount "45"]
[EventDate "2018.11.10"]
[EventType "team-swiss (rapid)"]
[EventRounds "7"]
[EventCountry "LTU"]
[SourceTitle "EXT 2020"]
[Source "ChessBase"]
[SourceDate "2019.10.17"]
[SourceVersion "1"]
[SourceVersionDate "2019.10.17"]
[SourceQuality "1"]

1. d4 d5 2. c4 e6 3. Nf3 Nf6 4. e3 c6 5. Nbd2 Bd6 6. Bd3 0-0 7. b3 Nbd7 8. Bb2 Qc7 9. Rc1 b6 10. g4 Bb7 11. g5 Ne8 12. h4 dxc4 13. Bxc4 e5 14. h5 exd4 15. g6 Nef6 16. Bxd4 Ne5 17. gxf7+ Nxf7 18. h6 c5 19. Bxf6 gxf6 20. Rg1+ Kh8 21. Rg7 f5 22. Qc2 Qd7 23. Ng5 1-0

[Event "Plunge op-A 38th"]
[Site "Plateliai"]
[Date "2018.07.19"]
[Round "6"]
[White "Stremavicius, Pijus"]
[Black "Vaskevicius, Augustas"]
[Result "1-0"]
[WhiteElo "1921"]
[BlackElo "1971"]
[PlyCount "81"]
[EventDate "2018.07.16"]
[EventType "swiss"]
[EventRounds "9"]
[EventCountry "LTU"]
[SourceTitle "EXT 2019"]
[Source "ChessBase"]
[SourceDate "2018.10.10"]
[SourceVersion "1"]
[SourceVersionDate "2018.10.10"]
[SourceQuality "1"]

1. d4 d5 2. Nf3 Nf6 3. e3 e6 4. Nbd2 Bd6 5. c4 b6 6. a3 c5 7. b3 Nbd7 8. Bb2 Bb7 9. dxc5 bxc5 10. Be2 0-0 11. 0-0 Rc8 12. Qc2 Ne4 13. Nxe4 dxe4 14. Nd2 f5 15. Rfd1 Qc7 16. Nf1 Rfd8 17. Rd2 Ne5 18. Rxd6 Qxd6 19. Qc3 Qc7 20. Qxe5 Qxe5 21. Bxe5 a5 22. a4 Kf7 23. Rd1 Rxd1 24. Bxd1 h6 25. Bc3 Ra8 26. f3 g5 27. Kf2 Kg6 28. Bc2 exf3 29. gxf3 h5 30. Ng3 h4 31. Nf1 Kh5 32. Bd1 Bc6 33. h3 g4 34. fxg4+ fxg4 35. Bxg4+ Kg5 36. Ke2 Be4 37. Nd2 Bc2 38. Bxe6 Rb8 39. Bxa5 Bxb3 40. Nxb3 Rxb3 41. Bd8+ 1-0

[Event "Plunge op-A 38th"]
[Site "Plateliai"]
[Date "2018.07.17"]
[Round "2"]
[White "Vaskevicius, Augustas"]
[Black "Sakalauskas, Vaidas"]
[Result "0-1"]
[WhiteElo "1971"]
[BlackElo "2350"]
[PlyCount "54"]
[EventDate "2018.07.16"]
[EventType "swiss"]
[EventRounds "9"]
[EventCountry "LTU"]
[SourceTitle "EXT 2019"]
[Source "ChessBase"]
[SourceDate "2018.10.10"]
[SourceVersion "1"]
[SourceVersionDate "2018.10.10"]
[SourceQuality "1"]

1. Nf3 c5 2. c4 Nf6 3. Nc3 d5 4. cxd5 Nxd5 5. g3 Nc6 6. Bg2 Nc7 7. b3 e5 8. Bb2 Be7 9. 0-0 0-0 10. Rc1 f6 11. d3 Be6 12. Nd2 Qd7 13. Re1 Rac8 14. Nce4 b6 15. Nc4 Rfd8 16. a4 Nd5 17. Nc3 Ndb4 18. Ne4 Nd4 19. a5 b5 20. Ncd2 f5 21. Nc3 a6 22. Ba3 Bg5 23. Bxb4 Bxd2 24. Qxd2 Nxb3 25. Qb2 cxb4 26. Na2 Nxc1 27. Nxc1 Qd4 0-1

[Event "LTU-ch"]
[Site "Kaunas"]
[Date "2018.03.08"]
[Round "9"]
[White "Vaskevicius, Augustas"]
[Black "Kraujunas, Vladas"]
[Result "1-0"]
[WhiteElo "1947"]
[BlackElo "1812"]
[PlyCount "87"]
[EventDate "2018.03.02"]
[EventType "swiss"]
[EventRounds "9"]
[EventCountry "LTU"]
[SourceTitle "CBM 183 Extra"]
[Source "ChessBase"]
[SourceDate "2018.04.19"]
[SourceVersion "1"]
[SourceVersionDate "2018.04.19"]
[SourceQuality "1"]

1. Nf3 Nf6 2. g3 d5 3. c4 d4 4. d3 c5 5. Bg2 Nc6 6. Na3 e5 7. Nc2 Bg4 8. 0-0 Qd7 9. Re1 0-0-0 10. a3 h5 11. b4 Re8 12. bxc5 Bxc5 13. Bb2 Bxf3 14. exf3 h4 15. Qd2 hxg3 16. fxg3 Nh5 17. Nb4 Nd8 18. a4 f5 19. Nd5 Nf6 20. Nxf6 gxf6 21. Ba3 Qd6 22. Bxc5 Qxc5 23. Rab1 a6 24. Qb4 Qxb4 25. Rxb4 Rh7 26. Rb6 Re6 27. Rxe6 Nxe6 28. f4 Nc5 29. fxe5 Nxd3 30. Rd1 Nxe5 31. Rxd4 Kc7 32. Rf4 Rh5 33. h4 Nd3 34. Rf1 Nc5 35. a5 Nb3 36. Bxb7 f4 37. Bd5 fxg3 38. Rxf6 Nxa5 39. Rxa6 Nb3 40. Kg2 Rxh4 41. Kxg3 Rh8 42. Kf4 Re8 43. c5 Nd4 44. Ra7+ 1-0

[Event "LTU-ch"]
[Site "Kaunas"]
[Date "2018.03.03"]
[Round "2"]
[White "Sakalauskas, Vaidas"]
[Black "Vaskevicius, Augustas"]
[Result "1/2-1/2"]
[WhiteElo "2351"]
[BlackElo "1947"]
[PlyCount "118"]
[EventDate "2018.03.02"]
[EventType "swiss"]
[EventRounds "9"]
[EventCountry "LTU"]
[SourceTitle "CBM 183 Extra"]
[Source "ChessBase"]
[SourceDate "2018.04.19"]
[SourceVersion "1"]
[SourceVersionDate "2018.04.19"]
[SourceQuality "1"]

1. d4 Nf6 2. c4 e6 3. Nc3 Bb4 4. Qc2 d5 5. cxd5 exd5 6. Bg5 h6 7. Bh4 c5 8. e3 Nc6 9. dxc5 g5 10. Bg3 Ne4 11. Bd3 Nxc5 12. Nge2 Be6 13. 0-0 a6 14. Rfd1 Qf6 15. a3 Bxc3 16. Nxc3 Rd8 17. Ne2 Nxd3 18. Qxd3 0-0 19. b4 Bf5 20. Qd2 Rd7 21. Rac1 Rfd8 22. Nd4 Nxd4 23. Qxd4 Qxd4 24. Rxd4 Kg7 25. Rc5 Be6 26. h4 Re8 27. a4 f6 28. b5 axb5 29. Rxb5 Bf7 30. hxg5 hxg5 31. Rbb4 Kg6 32. Rb6 Kg7 33. Rbb4 Kg6 34. a5 Rc8 35. Rb6 Kg7 36. Bd6 Rc4 37. Rd2 Ra4 38. Bb4 Rc7 39. f3 f5 40. Kf2 Rc4 41. Rb2 Rc7 42. Bd2 d4 43. exd4 f4 44. R6b5 Kg6 45. d5 Rd4 46. Rb6+ Kf5 47. d6 Rd7 48. Bb4 Bc4 49. Rc2 Ba6 50. Bc5 Rd1 51. Rxa6 bxa6 52. Bb4 R7xd6 53. Bxd6 Rxd6 54. Rc5+ Kf6 55. Kg1 Re6 56. Kh2 Re5 57. Rc6+ Re6 58. Rb6 Ke5 59. Rb7 Kf5 1/2-1/2

[Event "LTU-chT"]
[Site "Lithuania"]
[Date "2018.01.28"]
[Round "2.4"]
[White "Vaskevicius, Augustas"]
[Black "Dubovikas, Tomas"]
[Result "1/2-1/2"]
[WhiteElo "1947"]
[BlackElo "2209"]
[PlyCount "34"]
[EventDate "2018.01.27"]
[EventType "team-swiss"]
[EventRounds "7"]
[EventCountry "LTU"]
[SourceTitle "EXT 2019"]
[Source "ChessBase"]
[SourceDate "2018.10.10"]
[SourceVersion "1"]
[SourceVersionDate "2018.10.10"]
[SourceQuality "1"]
[WhiteTeam "Marijampole Suduvos Jaunimas"]
[BlackTeam "Siauliai Tomas"]
[WhiteTeamCountry "LTU"]
[BlackTeamCountry "LTU"]

1. Nf3 f5 2. c4 Nf6 3. b3 e6 4. Bb2 b6 5. g3 Bb7 6. Bg2 Be7 7. 0-0 0-0 8. e3 Na6 9. Re1 Nc5 10. d3 a5 11. Nc3 d6 12. Qc2 Qd7 13. Nd2 Bxg2 14. Kxg2 d5 15. d4 Nce4 16. Nf3 Bd6 17. Ne5 Bxe5 1/2-1/2

[Event "EU-ch U16 27th"]
[Site "Mamaia"]
[Date "2017.09.06"]
[Round "2"]
[White "Erenberg, Ariel"]
[Black "Vaskevicius, Augustas"]
[Result "1-0"]
[WhiteElo "2386"]
[BlackElo "1995"]
[PlyCount "55"]
[EventDate "2017.09.05"]
[EventType "swiss"]
[EventRounds "9"]
[EventCountry "ROU"]
[SourceTitle "CBM 180 Extra"]
[Source "ChessBase"]
[SourceDate "2017.10.06"]
[SourceVersion "1"]
[SourceVersionDate "2017.10.06"]
[SourceQuality "1"]

1. d4 Nf6 2. c4 d6 3. Nc3 e5 4. Nf3 Nbd7 5. e4 g6 6. Be2 Bg7 7. 0-0 0-0 8. Re1 Re8 9. Kf1 exd4 10. Nxd4 Nc5 11. f3 a5 12. Be3 Nfd7 13. Qd2 Ne6 14. Ndb5 Ndc5 15. Rad1 Bd7 16. b3 b6 17. g3 Bc6 18. Kg2 Qd7 19. Qc2 Qc8 20. Nd5 Bxb5 21. cxb5 Qd7 22. Qc4 Rab8 23. f4 c6 24. bxc6 Qxc6 25. e5 b5 26. Qc2 Qa6 27. exd6 Nd7 28. Nc7 1-0

[Event "EU-ch U16 27th"]
[Site "Mamaia"]
[Date "2017.09.05"]
[Round "1"]
[White "Vaskevicius, Augustas"]
[Black "Iliaguev, Nisim"]
[Result "1/2-1/2"]
[WhiteElo "1995"]
[BlackElo "2292"]
[PlyCount "81"]
[EventDate "2017.09.05"]
[EventType "swiss"]
[EventRounds "9"]
[EventCountry "ROU"]
[SourceTitle "CBM 180 Extra"]
[Source "ChessBase"]
[SourceDate "2017.10.06"]
[SourceVersion "1"]
[SourceVersionDate "2017.10.06"]
[SourceQuality "1"]

1. c4 Nf6 2. Nc3 c5 3. Nf3 g6 4. e4 d6 5. d4 cxd4 6. Nxd4 Bg7 7. Be2 0-0 8. 0-0 Nc6 9. Be3 Bd7 10. f3 Rc8 11. Nxc6 Bxc6 12. Nd5 Nd7 13. Bd4 Bxd5 14. cxd5 Bxd4+ 15. Qxd4 Qb6 16. Qxb6 Nxb6 17. Bd3 Rc5 18. Rac1 Rfc8 19. Rxc5 Rxc5 20. Rd1 Kg7 21. Kf2 f5 22. Ke3 Kf6 23. Kd4 Nd7 24. b4 Rc8 25. exf5 gxf5 26. Re1 Nf8 27. g4 f4 28. h4 Rc7 29. Re4 Kg7 30. h5 Kh6 31. Re2 Kg5 32. Rc2 Rxc2 33. Bxc2 Nd7 34. Bxh7 Ne5 35. Be4 b5 36. Kc3 Kh6 37. Kd4 Kg5 38. Kc3 Kh6 39. Kd4 Kg5 40. Kc3 Kh6 41. Kd4 1/2-1/2

[Event "Panevezys op-A"]
[Site "Panevezys"]
[Date "2017.07.09"]
[Round "9"]
[White "Vaskevicius, Augustas"]
[Black "Bekasovs, Rihards"]
[Result "0-1"]
[WhiteElo "1832"]
[BlackElo "2000"]
[PlyCount "62"]
[EventDate "2017.07.03"]
[EventType "swiss"]
[EventRounds "9"]
[EventCountry "LTU"]
[SourceTitle "CBM 179 Extra"]
[Source "ChessBase"]
[SourceDate "2017.08.23"]
[SourceVersion "1"]
[SourceVersionDate "2017.08.23"]
[SourceQuality "1"]

1. Nf3 Nf6 2. g3 e6 3. Bg2 b6 4. 0-0 Bb7 5. c4 Be7 6. Nc3 0-0 7. d4 d5 8. Ne5 h6 9. b3 Nbd7 10. Bb2 c5 11. e3 Rc8 12. Re1 a6 13. f4 cxd4 14. exd4 Rc7 15. Qe2 Qa8 16. f5 exf5 17. Bh3 Nxe5 18. Qxe5 Bd8 19. Ba3 Re8 20. Qf4 Rxe1+ 21. Rxe1 dxc4 22. Bd6 Rc8 23. b4 Bh1 24. Qxf5 Rc6 25. Qe5 Bc7 26. Bxc7 Re6 27. Qxe6 fxe6 28. Bxe6+ Kh8 29. d5 Nxd5 30. Nxd5 Bxd5 31. Rd1 Qb7 0-1

[Event "LTU-ch U16"]
[Site "Kaunas"]
[Date "2017.04.07"]
[Round "4"]
[White "Vaskevicius, Augustas"]
[Black "Pultinevicius, Paulius"]
[Result "0-1"]
[WhiteElo "1906"]
[BlackElo "2389"]
[PlyCount "66"]
[EventDate "2017.04.05"]
[EventType "swiss"]
[EventRounds "7"]
[EventCountry "LTU"]
[SourceTitle "CBM 177 Extra"]
[Source "ChessBase"]
[SourceDate "2017.04.27"]
[SourceVersion "1"]
[SourceVersionDate "2017.04.27"]
[SourceQuality "1"]

1. d4 Nf6 2. Nf3 g6 3. Nbd2 d5 4. e3 Bg7 5. Bd3 0-0 6. 0-0 c5 7. c3 Nbd7 8. a4 Qc7 9. Re1 a6 10. a5 Re8 11. Bc2 e5 12. dxe5 Nxe5 13. Nxe5 Rxe5 14. e4 Rh5 15. f4 Bg4 16. Nf3 dxe4 17. Bxe4 Re8 18. Qd3 Rxe4 19. Rxe4 Bf5 20. Nd2 Nxe4 21. Nxe4 Qe7 22. Ra4 Bd7 23. Ra1 Bf5 24. Ra4 Bd7 25. Ra1 Bc6 26. Ng3 Rd5 27. Qe2 Qxe2 28. Nxe2 Rd1+ 29. Kf2 Rh1 30. h3 Rh2 31. Be3 Rxg2+ 32. Kf1 Bf3 33. Rd1 f5 0-1

[Event "LTU-ch U16"]
[Site "Kaunas"]
[Date "2017.04.05"]
[Round "1"]
[White "Dailidenas, Justas"]
[Black "Vaskevicius, Augustas"]
[Result "0-1"]
[WhiteElo "1556"]
[BlackElo "1906"]
[PlyCount "72"]
[EventDate "2017.04.05"]
[EventType "swiss"]
[EventRounds "7"]
[EventCountry "LTU"]
[SourceTitle "CBM 177 Extra"]
[Source "ChessBase"]
[SourceDate "2017.04.27"]
[SourceVersion "1"]
[SourceVersionDate "2017.04.27"]
[SourceQuality "1"]

1. d4 d6 2. c4 g6 3. Nc3 Bg7 4. e4 Nc6 5. Nf3 Bg4 6. d5 Nd4 7. Bd2 c6 8. Be2 Nxe2 9. Qxe2 Qc7 10. Rc1 Nf6 11. h3 Bxf3 12. Qxf3 Nd7 13. Qe2 a6 14. 0-0 0-0 15. Be3 Rac8 16. Rfd1 c5 17. a3 Qa5 18. Bd2 Rb8 19. Rb1 Rfc8 20. Rdc1 Qc7 21. f4 Bd4+ 22. Be3 b5 23. cxb5 Bxe3+ 24. Qxe3 axb5 25. Qd3 Qb6 26. Kh1 c4 27. Qc2 Nc5 28. Ne2 Nd3 29. Rf1 Qe3 30. Nc3 b4 31. axb4 Rxb4 32. Na2 Rbb8 33. Nc3 Rb3 34. Rf3 Qb6 35. Nd1 Qd4 36. Nc3 Rcb8 0-1

[Event "LTU-ch"]
[Site "Vilnius"]
[Date "2017.03.03"]
[Round "9"]
[White "Narmontas, Raimondas"]
[Black "Vaskevicius, Augustas"]
[Result "1-0"]
[WhiteElo "2001"]
[BlackElo "1806"]
[PlyCount "77"]
[EventDate "2017.02.25"]
[EventType "swiss"]
[EventRounds "9"]
[EventCountry "LTU"]
[SourceTitle "CBM 177 Extra"]
[Source "ChessBase"]
[SourceDate "2017.04.27"]
[SourceVersion "1"]
[SourceVersionDate "2017.04.27"]
[SourceQuality "1"]

1. e4 e5 2. Nf3 Nf6 3. Nxe5 d6 4. Nf3 Nxe4 5. Nc3 Nf6 6. d4 Be7 7. Bd3 0-0 8. h3 Re8 9. Be3 Nc6 10. a3 a6 11. Qd2 b5 12. 0-0 Na5 13. d5 c5 14. dxc6 Nxc6 15. Bg5 Ne5 16. Be2 Bb7 17. Nd4 Ne4 18. Nxe4 Bxe4 19. Bf4 Bf6 20. f3 Bg6 21. Rfd1 Rc8 22. c3 Nc4 23. Bxc4 Rxc4 24. Qf2 Qb6 25. Be3 Qb8 26. Ne2 a5 27. Nf4 b4 28. axb4 axb4 29. Nd5 Bd8 30. cxb4 Re5 31. Qd2 Rc2 32. Qd4 h6 33. Rd2 Rxd2 34. Qxd2 Qb7 35. Rd1 Qb5 36. Kh2 Kf8 37. Nf4 Be7 38. Bd4 Rg5 39. Re1 1-0

[Event "LTU-ch"]
[Site "Vilnius"]
[Date "2017.03.02"]
[Round "8"]
[White "Vaskevicius, Augustas"]
[Black "Sarauskas, Andrius"]
[Result "1-0"]
[WhiteElo "1806"]
[BlackElo "1710"]
[PlyCount "63"]
[EventDate "2017.02.25"]
[EventType "swiss"]
[EventRounds "9"]
[EventCountry "LTU"]
[SourceTitle "CBM 177 Extra"]
[Source "ChessBase"]
[SourceDate "2017.04.27"]
[SourceVersion "1"]
[SourceVersionDate "2017.04.27"]
[SourceQuality "1"]

1. e4 c6 2. Nc3 d5 3. Qe2 e6 4. g3 Nd7 5. exd5 cxd5 6. Nxd5 Nb6 7. Nxb6 Qxb6 8. Qb5+ Qxb5 9. Bxb5+ Bd7 10. Bxd7+ Kxd7 11. Nf3 f6 12. 0-0 Rc8 13. c3 Ne7 14. Re1 Nc6 15. d4 Bd6 16. Be3 Rcd8 17. Rad1 Kc7 18. d5 exd5 19. Rxd5 Be5 20. Red1 Rxd5 21. Rxd5 Rd8 22. Rxd8 Kxd8 23. Nxe5 fxe5 24. Kg2 Kd7 25. Kf3 a6 26. Ke4 Ke6 27. Bb6 Nb8 28. b4 Nd7 29. Bd8 b5 30. g4 Nb8 31. Bc7 Nd7 32. g5 1-0